01619nam a2200241Ia 4500001000600000003000900006008004100015040001300056040001300069041001300082100002000095100002900115245008200144245008200226250001100308260001100319260002000330260004900350300005600399500086900455650002201324650003101346H7021IT-RoPAU130308s9999 xx 000 0 und d aIT-RoPAU cIT-RoPAU aITALIANO aMadesani Angela gCodice Aut. SPICS: 58476 aIcone fluttuanti (Le) storia del cinema d'artista e della videoarte in Italia bIcone fluttuanti (Le) storia del Cinema d'artista e della videoarte in Italia a1a ed. aMILANO bMondadori Bruno c2002 [1° Ed.:2002 - Ed.Ling.Originale:2002] a"256 p. (prefazione: 10; testo: 246 [pagine: 0-0])" a"Introduzione di Vittorio Fagone. Cinematografie e Futurismo: una Storia Complessa. Anton Giulio Bragaglia: un Cammino nell'Avanguardia. Dagli Anni venti Ai Cinquanta: Quarant'Anni di Ricerca. Luigi Veronesi. Gli Anni sessanta e Settanta: la Grande Euforia. Gli Anni Ottanta: la Rivoluzione del Video. Gli Anni Novanta: Il boom del Video. Conclusione. Appendice: manifesto del Cinema Futurista; interviste Agli Artisti. Bibliografia. indice dei Nomi.Il Libro Contiene una Vasta mappatura della Situazione Attuale della videoarte Italiana: una Sorta di Storia All'Interno della Storia dell'arte , in Cui a Parlare è soltanto Il Lavoro degli Artisti. Un'Ampia Appendice di interviste su Cinema e video a 10 protagonisti dell'arte Italiana Contemporanea, da Fabio Mauri a Cioni Carpi, da Studio Azzurro a Marcello Maloberti, Arricchisce Ulteriormente Il Volume." aSTORIA DEL CINEMA eCodice materia Spics: 6808